<?xml version="1.0" encoding="UTF-8"?><?xml-stylesheet type="text/xsl" href="static/style.xsl"?><OAI-PMH xmlns="http://www.openarchives.org/OAI/2.0/" xmlns:xsi="http://www.w3.org/2001/XMLSchema-instance" xsi:schemaLocation="http://www.openarchives.org/OAI/2.0/ http://www.openarchives.org/OAI/2.0/OAI-PMH.xsd"><responseDate>2026-04-14T04:02:05Z</responseDate><request verb="GetRecord" identifier="oai:www.recercat.cat:20.500.12327/4564" metadataPrefix="marc">https://recercat.cat/oai/request</request><GetRecord><record><header><identifier>oai:recercat.cat:20.500.12327/4564</identifier><datestamp>2025-10-22T11:07:36Z</datestamp><setSpec>com_2072_4428</setSpec><setSpec>com_2072_4427</setSpec><setSpec>col_2072_487898</setSpec></header><metadata><record xmlns="http://www.loc.gov/MARC21/slim" xmlns:dcterms="http://purl.org/dc/terms/" xmlns:xsi="http://www.w3.org/2001/XMLSchema-instance" xmlns:doc="http://www.lyncode.com/xoai" xsi:schemaLocation="http://www.loc.gov/MARC21/slim http://www.loc.gov/standards/marcxml/schema/MARC21slim.xsd">
   <leader>00925njm 22002777a 4500</leader>
   <datafield ind2=" " ind1=" " tag="042">
      <subfield code="a">dc</subfield>
   </datafield>
   <datafield ind2=" " ind1=" " tag="720">
      <subfield code="a">Francesch, A.</subfield>
      <subfield code="e">author</subfield>
   </datafield>
   <datafield ind2=" " ind1=" " tag="720">
      <subfield code="a">Estany, J.</subfield>
      <subfield code="e">author</subfield>
   </datafield>
   <datafield ind2=" " ind1=" " tag="720">
      <subfield code="a">Alfonso, L.</subfield>
      <subfield code="e">author</subfield>
   </datafield>
   <datafield ind2=" " ind1=" " tag="720">
      <subfield code="a">Iglesias, M.</subfield>
      <subfield code="e">author</subfield>
   </datafield>
   <datafield ind2=" " ind1=" " tag="260">
      <subfield code="c">1997-12-01</subfield>
   </datafield>
   <datafield ind2=" " ind1=" " tag="520">
      <subfield code="a">Heritabilities for egg number, egg&#xd;
weight, and eggshell color (percentage light absorbance)&#xd;
at 39 wk of age, and the genetic correlations between&#xd;
them were estimated by restricted maximum likelihood&#xd;
in three Catalan poultry breeds: Penedesenca Negra&#xd;
(PN), Prat Lleonada (PL), and Empordanesa Roja (ER).&#xd;
Additive genetic differences between these breeds were&#xd;
also estimated. Data were from the IRTA Poultry&#xd;
Genetic Conservation Program and consisted of records&#xd;
from 1,309 PN, 1,466 PL, and 1,440 ER hens, which were&#xd;
obtained from 80 contemporary batches per breed&#xd;
hatched between 1987 and 1992. Estimates of heritability&#xd;
for egg number, egg weight, and eggshell color were,&#xd;
0.20, 0.59, and 0.49 for PN, 0.31, 0.48, and 0.53 for PL;&#xd;
and 0.33, 0.50, and 0.27 for ER. Estimated genetic correlations between egg number and egg weight, egg&#xd;
number and shell color, and egg weight and shell color&#xd;
were, for PN, –0.22, –0.03, and 0.00; for PL, –0.21, –0.06,&#xd;
and 0.09; and –0.19, –0.29, and 0.30 for ER. Heritability&#xd;
for eggshell color and genetic correlation between&#xd;
eggshell color and other traits showed a different genetic&#xd;
pattern in ER breed. Significant additive genetic differences (P &lt; 0.05) were found between ER and PN base&#xd;
populations for egg number (3.89), egg weight (0.91),&#xd;
and eggshell color (–3.50); and between ER and PL for&#xd;
egg number (6.69) and eggshell color (35.39). The PN&#xd;
and PL breeds differed significantly (P &lt; 0.05) for&#xd;
eggshell color (38.22), which was darker in PN. These&#xd;
results could be taken as the expected genetic differences for these breeds</subfield>
   </datafield>
   <datafield ind1="8" ind2=" " tag="024">
      <subfield code="a">Francesch, A, J Estany, L Alfonso, and M Iglesias. 1997. “Genetic Parameters for Egg Number, Egg Weight, and Eggshell Color in Three Catalan Poultry Breeds.” Poultry Science 76 (12): 1627-1631. doi: 10.1093/ps/76.12.1627</subfield>
   </datafield>
   <datafield ind1="8" ind2=" " tag="024">
      <subfield code="a">0032-5791</subfield>
   </datafield>
   <datafield ind1="8" ind2=" " tag="024">
      <subfield code="a">http://hdl.handle.net/20.500.12327/4564</subfield>
   </datafield>
   <datafield ind1="8" ind2=" " tag="024">
      <subfield code="a">https://doi.org/10.1093/ps/76.12.1627</subfield>
   </datafield>
   <datafield ind2="0" ind1="0" tag="245">
      <subfield code="a">Genetic Parameters for Egg Number, Egg Weight, and Eggshell Color in Three Catalan Poultry Breeds</subfield>
   </datafield>
</record></metadata></record></GetRecord></OAI-PMH>